|
|
|
|
| LEADER |
00588nam a22001577a 4500 |
| 008 |
150805s2000 ii ||||| |||| 00| 0 eng d |
| 020 |
|
|
|a 9780195662511
|
| 082 |
|
|
|a 181.4
|
| 100 |
|
|
|a Mohanty, J. N.
|
| 245 |
|
|
|a Classical Indian philosophy /
|c J. N. Mohanty
|
| 260 |
|
|
|a New Delhi :
|b O. U. P,
|c 2000.
|
| 300 |
|
|
|a 180 p. ;
|
| 653 |
|
|
|a Philosophy, Indic
|a Buddhist philosophy
|a Hindu philosophy
|a Jaina philosophy
|
| 942 |
|
|
|c BK
|
| 999 |
|
|
|c 276095
|d 276095
|
| 952 |
|
|
|0 0
|1 0
|2 ddc
|4 0
|6 181_400000000000000_MOH_C
|7 0
|9 310619
|a PHL
|b PHL
|c ST1
|d 2015-08-05
|i 3665
|l 4
|o 181.4 MOH/C
|p PHL3665
|r 2021-10-29
|s 2020-01-30
|y BK
|